| 000 | 00813cac a22002175a 4500 | ||
|---|---|---|---|
| 001 | L140320 | ||
| 008 | 070918s1917 xxk eng u | ||
| 035 | _a(Sirsi) u140320 | ||
| 041 | 0 | _aeng | |
| 100 | 1 | _aWalshe, W. | |
| 245 | 0 | 0 |
_aStar and Garter Belfast _bscheme for 14 houses _h[manuscript] |
| 255 | _aScales: 1:96, 1:1056 | ||
| 260 | _c1917 | ||
| 300 |
_a2 sheets _bsome col. _c55 x 72 cm. and 38 x 46 cm. |
||
| 340 | _aCopy on paper, ink on linen | ||
| 351 | _cFonds | ||
| 500 | _aThe larger sheet shows plans and elevations for proposed cottages for disabled soldiers at Belfast. The smaller shows the sites of the proposed cottages between Church Road and Saintfield Road in Belfast. The drawings are by W. Walshe, architect. | ||
| 651 | 4 | _aBelfast | |
| 690 | _aBUILT ENVIRONMENT | ||
| 942 | _n0 | ||
| 999 |
_c116307 _d116307 |
||